ARRUPE JESUIT UNIVERSITY

CORONAVIRUS -STOP THE SPREAD - CLEAN,DISINFECT,COVER

Anthropology, history, and education / (Record no. 119468)

MARC details
000 -LEADER
fixed length control field 03636cam a2200469 a 4500
001 - CONTROL NUMBER
control field 14646383
003 - CONTROL NUMBER IDENTIFIER
control field ARRUPE
005 - DATE AND TIME OF LATEST TRANSACTION
control field 20140809020005.0
008 - FIXED-LENGTH DATA ELEMENTS--GENERAL INFORMATION
fixed length control field 061127s2007 enk b 001 0 eng
010 ## - LIBRARY OF CONGRESS CONTROL NUMBER
LC control number 2006039243
015 ## - NATIONAL BIBLIOGRAPHY NUMBER
National bibliography number GBA747271
Source bnb
016 7# - NATIONAL BIBLIOGRAPHIC AGENCY CONTROL NUMBER
Record control number 013772642
Source Uk
020 ## - INTERNATIONAL STANDARD BOOK NUMBER
International Standard Book Number 9780521452502 (hardback : alk. paper)
020 ## - INTERNATIONAL STANDARD BOOK NUMBER
International Standard Book Number 0521452503 (hardback : alk. paper)
035 ## - SYSTEM CONTROL NUMBER
System control number (OCoLC)ocm76937297
035 ## - SYSTEM CONTROL NUMBER
System control number (OCoLC)76937297
040 ## - CATALOGING SOURCE
Original cataloging agency DLC
Transcribing agency DLC
Modifying agency BAKER
-- BTCTA
-- UKM
-- BWKUK
-- YDXCP
-- DLC
041 1# - LANGUAGE CODE
Language code of text/sound track or separate title eng
Language code of original and/or intermediate translations of text ger
050 00 - LIBRARY OF CONGRESS CALL NUMBER
Classification number B2758
Item number .G75 2007
082 00 - DEWEY DECIMAL CLASSIFICATION NUMBER
Classification number 193
Edition number 22
300 ## - PHYSICAL DESCRIPTION
Dimensions 24 cm.
100 1# - MAIN ENTRY--PERSONAL NAME
Personal name Kant, Immanuel,
Dates associated with a name 1724-1804.
9 (RLIN) 6395
240 10 - UNIFORM TITLE
Uniform title <a href="Works.">Works.</a>
Form subheading Selections.
Language of a work English.
Date of a work 2007
245 10 - TITLE STATEMENT
Title Anthropology, history, and education /
Statement of responsibility, etc edited by Günter Zöller, Robert B. Louden ; translated by Mary Gregor ... [et al.].
260 ## - PUBLICATION, DISTRIBUTION, ETC. (IMPRINT)
Place of publication, distribution, etc Cambridge, UK ;
-- New York :
Name of publisher, distributor, etc Cambridge University Press,
Date of publication, distribution, etc 2007.
300 ## - PHYSICAL DESCRIPTION
Extent xvi, 597 p. ;
490 1# - SERIES STATEMENT
Series statement Cambridge edition of the works of Immanuel Kant in translation
504 ## - BIBLIOGRAPHY, ETC. NOTE
Bibliography, etc Includes bibliographical references (p. 565-583) and index.
505 0# - FORMATTED CONTENTS NOTE
Formatted contents note Observations on the feeling of the beautiful and sublime (1764) / translated by Paul Guyer -- Essay on the maladies of the head (1764) / translated by Holly Wilson -- Review of Moscati's work Of the corporeal essential differences between the structure of animals and humans (1771) / translated by Günter Zöller -- Of the different races of human beings (1775) / translated by Holly Wilson and Günter Zöller -- Essays regarding the Philanthropinum (1776-1777) / translated by Robert B. Louden -- A note to physicians (1782) / translated by Günter Zöller -- Idea for a universal history with a cosmopolitan aim (1784) / translated by Allen W. Wood -- Review of J.G. Herder's Ideas for the philosophy of the history of humanity. Parts 1 and 2 (1785) / translated by Allen W. Wood -- Determination of the concept of a human race (1785) / translated by Holly Wilson and Günter Zöller -- Conjectural beginning of human history (1786) / translated by Allen W. Wood -- Some remarks on Ludwig Heinrich Jakob's Examination of Mendelssohn's morning hours (1786) / translated by Günter Zöller -- On the philosophers' medicine of the body (1786) / translated by Mary Gregor -- On the use of teleological principles in philosophy (1788) / translated by Günter Zöller -- From Soemmerring's On the organ of the soul (1796) / translated by Arnulf Zweig -- Anthropology from a pragmatic point of view (1798) / translated by Robert B. Louden -- Postscript to Christian Gottlieb Mielcke's Lithuanian-German and German-Lithuanian dictionary (1800) / translated by Günter Zöller -- Lectures on pedagogy (1803) / translated by Robert B. Louden.
546 ## - LANGUAGE NOTE
Language note Translated from the German.
650 #0 - SUBJECT ADDED ENTRY--TOPICAL TERM
Topical term or geographic name as entry element Human beings.
9 (RLIN) 6396
650 #0 - SUBJECT ADDED ENTRY--TOPICAL TERM
Topical term or geographic name as entry element History
General subdivision Philosophy.
9 (RLIN) 6397
650 #0 - SUBJECT ADDED ENTRY--TOPICAL TERM
Topical term or geographic name as entry element Education
General subdivision Philosophy.
9 (RLIN) 6398
700 1# - ADDED ENTRY--PERSONAL NAME
Personal name Zöller, Günter,
Dates associated with a name 1954-
9 (RLIN) 6399
700 1# - ADDED ENTRY--PERSONAL NAME
Personal name Louden, Robert B.,
Dates associated with a name 1953-
9 (RLIN) 6400
800 1# - SERIES ADDED ENTRY--PERSONAL NAME
Personal name Kant, Immanuel,
Dates associated with a name 1724-1804.
Title of a work Works.
Language of a work English.
Date of a work 1992.
9 (RLIN) 6401
856 42 - ELECTRONIC LOCATION AND ACCESS
Materials specified Publisher description
Uniform Resource Identifier <a href="http://www.loc.gov/catdir/enhancements/fy0616/2006039243-d.html">http://www.loc.gov/catdir/enhancements/fy0616/2006039243-d.html</a>
856 41 - ELECTRONIC LOCATION AND ACCESS
Materials specified Table of contents only
Uniform Resource Identifier <a href="http://www.loc.gov/catdir/enhancements/fy0616/2006039243-t.html">http://www.loc.gov/catdir/enhancements/fy0616/2006039243-t.html</a>
856 42 - ELECTRONIC LOCATION AND ACCESS
Materials specified Contributor biographical information
Uniform Resource Identifier <a href="http://www.loc.gov/catdir/enhancements/fy0729/2006039243-b.html">http://www.loc.gov/catdir/enhancements/fy0729/2006039243-b.html</a>
906 ## - LOCAL DATA ELEMENT F, LDF (RLIN)
a 7
b cbc
c orignew
d 1
e ecip
f 20
g y-gencatlg
942 ## - ADDED ENTRY ELEMENTS (KOHA)
Source of classification or shelving scheme Library of Congress Classification
Koha item type Monograph ( Printed materials)
Koha issues (borrowed), all copies 2
Holdings
Withdrawn status Lost status Source of classification or shelving scheme Damaged status Not for loan Home library Current library Shelving location Date acquired Total Checkouts Full call number Barcode Date last seen Date checked out Price effective from Koha item type
    Library of Congress Classification     ARRUPE LIBRARY ARRUPE LIBRARY Main Collection 20/12/2013 4 B2758 .G75 2007 464122432 28/10/2015 14/10/2015 20/12/2013 Monograph ( Printed materials)

 

Arrupe Library. PO Box MP320 Mt Pleasant, Harare, Zimbabwe
263 242 745411|librarian@aju.ac.zw